<?xml version="1.0" encoding="UTF-8"?>
<marc:record xmlns:marc="http://www.loc.gov/MARC21/slim">
   <marc:leader>00000nam a2200000 a 4500</marc:leader>
   <marc:datafield ind1="1" ind2=" " tag="100">
      <marc:subfield code="a">Hill, Melissa</marc:subfield>
      <marc:subfield code="4">aut</marc:subfield>
      <marc:subfield code="e">Verfasser/-in</marc:subfield>
   </marc:datafield>
   <marc:datafield ind1="0" ind2="0" tag="245">
      <marc:subfield code="a">Something from Tiffany's</marc:subfield>
   </marc:datafield>
   <marc:datafield ind1="0" ind2="0" tag="245">
      <marc:subfield code="c">Melissa Hill</marc:subfield>
   </marc:datafield>
   <marc:datafield ind1=" " ind2="1" tag="264">
      <marc:subfield code="a">London</marc:subfield>
      <marc:subfield code="b">Hodder and Stoughton</marc:subfield>
      <marc:subfield code="c">2011</marc:subfield>
   </marc:datafield>
   <marc:datafield ind1="1" ind2=" " tag="490">
      <marc:subfield code="a">Tb.</marc:subfield>
   </marc:datafield>
   <marc:datafield ind1="1" ind2=" " tag="520">
      <marc:subfield code="a">Träumt nicht jede Frau von einem Schmuckstück von Tiffany's? Auf der 5th Avenue in New York kaufen 2 sehr unterschiedliche Männer, Schmuck für die Frauen, die sie lieben. Gary, ein Glücksarmband, um seiner Freundin für einen unvergesslichen Urlaub zu danken, Ethan, einen Verlobungsring. Unglücklicherweise werden ihre Einkäufe an der Kasse jedoch vertauscht und dies setzt eine Kette von unerwarteten Ereignissen in Gang.</marc:subfield>
   </marc:datafield>
   <marc:datafield ind1=" " ind2=" " tag="020">
      <marc:subfield code="a">9780340993378</marc:subfield>
      <marc:subfield code="9">9780340993378</marc:subfield>
   </marc:datafield>
   <marc:datafield ind1=" " ind2=" " tag="020">
      <marc:subfield code="a">0340993375</marc:subfield>
      <marc:subfield code="9">0340993375</marc:subfield>
   </marc:datafield>
   <marc:datafield ind1=" " ind2=" " tag="300">
      <marc:subfield code="a">404 S. : Ill.</marc:subfield>
   </marc:datafield>
</marc:record>
